000 00509nmm a2200181Ia 4500
008 251105s9999||||xx |||||||||||||||||und||
020 _a9788483594537
041 _aspa
100 _aSalvá, Maria Antònia
245 0 _aCielo de atardecer
264 _a[Madrid, España] :
_bCalambur,
_c2019
300 _a143 páginas
650 _aSpanish poetry
700 _aSalvá, Maria Antònia
700 1 _a Häsler, Rodolfo (trad.)
856 _uhttps://public.digitaliapublishing.com/a/60703
942 _cCF
999 _c71017
_d71017